00877cam a2200217 a 4500001000800000005001700008008004100025020001500066041000800081080001500089100003200104245006100136250001800197264003800215300002200253500004900275500006500324504005300389653006900442653014800511284447420230314170653.0840806s1998 enk b 001 0 eng  a042153470x aeng a341.4 H-301 aHarris, D. J.q(David John)10aCases and materials on international law /cD.J. Harris. aFifth edition aLondon :bSweet & Maxwell,c1998. a1123 p. ;c24 cm. a"Charter of the United Nations": p. 748-770. a"Statute of the International Court of Justice": p. 770-780. aIncludes bibliographical references and indexes. aᲡაერთაშორისო სამართალი aსაქმეები და მასალები საერთაშორისო სამართლის შესახებ